| 000 | 01254nam a22003857a 4500 | ||
|---|---|---|---|
| 001 | 0011302 | ||
| 003 | KOHA_MİRAKIL | ||
| 005 | 20260207001812.0 | ||
| 007 | ta | ||
| 008 | 091207b1991 tu |||gr||||#||||0|tur | | ||
| 020 | _c0,01 | ||
| 040 |
_aTR-BiSEU _btur _cTR-BiSEU _erda |
||
| 041 | 0 | _atur | |
| 044 | _ctu | ||
| 050 |
_aHE571 _b.P44 1991 |
||
| 100 | 1 | _aPekdemir, Işıl Mendeş. | |
| 245 | 1 |
_aDenizyolu yük taşımacılığı yönetim ve organizasyonu/ _cIşıl Mendeş Pekdemir ; Işıl Mendeş Pekdemir. |
|
| 264 | 1 |
_aİstanbul : _bİşletme Fakültesi İşletme İktisadı Enstitüsü _c1991 |
|
| 300 | _a165 sayfa | ||
| 336 |
_ametin _btxt _2rdacontent |
||
| 337 |
_aaracısız _bn _2rdamedia |
||
| 338 |
_acilt _bnc _2rdacarrier |
||
| 490 | 0 | _aİşletme Fakültesi yayın no. | |
| 490 | 0 | _a251. | |
| 490 | 0 | _aİşletme İktisadı Enstitüsü yayın no. | |
| 490 | 0 | _a144. | |
| 500 | _aKaynakça var. | ||
| 650 | 0 |
_aDeniz taşımacılığı--Yönetim. _927541 |
|
| 650 | 0 |
_aDeniz taşımacılığı--Yönetim--Türkiye. _927542 |
|
| 830 | 0 |
_aİşletme Fakültesi yayın no. _910652 |
|
| 830 | 0 |
_a251. _96814 |
|
| 830 | 0 |
_aİşletme İktisadı Enstitüsü yayın no. _919389 |
|
| 830 | 0 |
_a144. _96699 |
|
| 942 |
_2lcc _cBK |
||
| 999 |
_c11271 _d11271 |
||